Mardin 1915 : (Record no. 293893)
[ view plain ]
| 000 -LEADER | |
|---|---|
| fixed length control field | 01291nam a2200313 u 4500 |
| 001 - CONTROL NUMBER | |
| control field | 000810972 |
| 003 - CONTROL NUMBER IDENTIFIER | |
| control field | AM-YeHGA |
| 005 - DATE AND TIME OF LATEST TRANSACTION | |
| control field | 20250618073928.0 |
| 008 - FIXED-LENGTH DATA ELEMENTS--GENERAL INFORMATION | |
| fixed length control field | 110519s2008 le |||||r|||||000|0|ara|d |
| 040 ## - CATALOGING SOURCE | |
| Original cataloging agency | AM-YeHGA |
| 041 0# - LANGUAGE CODE | |
| Language code of text/sound track or separate title | ara |
| Language code of summary or abstract | fre |
| 090 ## - LOCALLY ASSIGNED LC-TYPE CALL NUMBER (OCLC); LOCAL CALL NUMBER (RLIN) | |
| -- | 295578 |
| 100 1# - MAIN ENTRY--PERSONAL NAME | |
| Personal name | Ternon, Yves |
| Dates associated with a name | 1932- |
| 245 10 - TITLE STATEMENT | |
| Title | Mardin 1915 : |
| Remainder of title | Anatomie pathologique d'une destruction / |
| Statement of responsibility, etc. | Yves Ternon ; Version arabe de Latifa Arnouk. |
| 250 ## - EDITION STATEMENT | |
| Edition statement | 1st ed. |
| 260 ## - PUBLICATION, DISTRIBUTION, ETC. | |
| Place of publication, distribution, etc. | Jounieh, Lebanon : |
| Name of publisher, distributor, etc. | Maison Naaman pour la Culture, |
| Date of publication, distribution, etc. | 2008. |
| 300 ## - PHYSICAL DESCRIPTION | |
| Extent | 429 p. : |
| Other physical details | maps. |
| 500 ## - GENERAL NOTE | |
| General note | "Première édition, Revue d'histoire arménienne contemporaine, Tome IV, 2000-2002" - T.p. verso. |
| 504 ## - BIBLIOGRAPHY, ETC. NOTE | |
| Bibliography, etc. note | Includes bibliographical references and indexes. |
| 546 ## - LANGUAGE NOTE | |
| Language note | T.l. in French and Arabic ; Text in Arabic |
| 650 14 - SUBJECT ADDED ENTRY--TOPICAL TERM | |
| Topical term or geographic name entry element | Armenian massacres, 1915-1923. |
| 650 14 - SUBJECT ADDED ENTRY--TOPICAL TERM | |
| Topical term or geographic name entry element | Հայոց ցեղասպանություն (1915-1923) |
| Form subdivision | Անձնական պատմություններ |
| 9 (RLIN) | 5101 |
| 650 14 - SUBJECT ADDED ENTRY--TOPICAL TERM | |
| Topical term or geographic name entry element | Armenians |
| Geographic subdivision | Turkey |
| -- | Mardin İli. |
| 650 14 - SUBJECT ADDED ENTRY--TOPICAL TERM | |
| Topical term or geographic name entry element | Armenians |
| Geographic subdivision | Turkey |
| -- | Diyarbekir İli. |
| 650 14 - SUBJECT ADDED ENTRY--TOPICAL TERM | |
| Topical term or geographic name entry element | Ցեղասպանություն |
| Geographic subdivision | Turkey |
| General subdivision | History |
| Chronological subdivision | 20th century. |
| 651 #4 - SUBJECT ADDED ENTRY--GEOGRAPHIC NAME | |
| Geographic name | Mardin İli (Turkey) |
| General subdivision | History |
| Chronological subdivision | 20th century. |
| 651 #4 - SUBJECT ADDED ENTRY--GEOGRAPHIC NAME | |
| Geographic name | Diyarbakir İli (Turkey) |
| General subdivision | History |
| Chronological subdivision | 20th century. |
| 700 1# - ADDED ENTRY--PERSONAL NAME | |
| Personal name | Arnouk, Latifa |
| Relationship | trl |
| Withdrawn status | Lost status | Damaged status | Not for loan | Collection | Home library | Current library | Date acquired | Shelving control number | Total checkouts | Full call number | Barcode | Date last seen | Price effective from | Koha item type | Public note |
|---|---|---|---|---|---|---|---|---|---|---|---|---|---|---|---|
| General | Fundamental Scientific Library | Fundamental Scientific Library | 29/12/2016 | И II/114613 | FL0187310 | 29/12/2016 | 29/12/2016 | Գրքեր / Books | 30 Days Loan |
ՀՀ Գիտությունների ազգային ակադեմիայի հիմնարար գիտական գրադարան = Fundamental Scientific Library of NAS RA
All site content, except where otherwise noted, is licensed under a